000 00749nam a2200265Ia 4500
001 46695
005 20240114003802.0
007 ta
008 090401s1968 a g b000 u 465 u
020 _cHB
040 _aCotton college,Assam
041 _a465
082 _a030
_bKRU
100 _aKruskal, William H. .
245 0 _aInternational Encyclopaedia Of Statistics /
_cWilliam H. Kruskal & Judith M. Tanur.
_hTextual Documents
250 _a1st ed. /
260 _aLondon :
_bCollier-Macmillan Limited ,
_c1968.
300 _axxi,666p. :
_bill ;
_c32 cm. .
653 _aEncyclopaedia
653 _aRef Section-Encyclopaedia
700 _aTanur, Judith M. .
942 _2ddc
_cBK
999 _c46660
_d46660